MDQL
is popping MORE tags! Check the
thread
!
Quizzes
Events
Quiz Creation
Community
Videos
Private Events
Remove Ads
Sign In
Join for FREE
Feedback
Dark Mode
Quiz Categories
Sports
Geography
Music
Movies
Television
Just For Fun
Miscellaneous
History
Literature
Language
Science
Gaming
Entertainment
Religion
Holiday
For Kids
Quiz Lab
Recent
Popular Today
Quiz Kudos Today
Editor Picks
Curator Picks
Quizzes by...
Day
Popularity
Type
Ratings
Length
Year
Community
Subscriptions
Recent Discussions
Orange Saloon
Badges
Playlists
Quests
Create
Leaderboards
Showdown
Live 5
Trivia Bingo
Activity
Puzzle Library
Sporcle Events
Private Events
Virtual Trivia
Globe League
Become a Host
Pub Owners
SporcleCon
Opinionation
Our Games
Videos
Blog
Mobile Apps
Partnerships
Remove Ads and Go Orange
Feedback
Just For Fun
Clickable
Get the Picture
Humor
Quick Pick
Word Ladder
Missing Word
Mixed Word
Blitz
Minefield
This or That
Alphabet
Color
Typing
Sporcle
Puzzle
Word Play
Follow That Line
Logic
Just For Fun
Clickable
Get the Picture
Humor
Quick Pick
Word Ladder
Missing Word
Mixed Word
Blitz
Minefield
This or That
Alphabet
Color
Typing
Sporcle
Puzzle
Word Play
Follow That Line
Logic
Random Quiz
Search Sporcle
×
Quiz Lab
Quiz Lab
Just For Fun
Travel
Type in answers that appear in a list
Type in answers that appear in a list
Classic
Best Score? Go Orange.
New Hampshire Sights Stats
Can you name the New Hampshire sights?
By
noon12
10m
12 Questions
98 Plays
98 Plays
98 Plays
Comments
Comments
Give Quiz Kudos
Give Quiz Kudos
-
- Ratings
hide this ad
Replay
Link that replays current quiz
Next Quiz
Link to next quiz in quiz playlist
You Got
0%
They Got
Avg Score
43%
Avg Friend Score
Upgrade to see
Score Distribution
Jump to the score distribution portion of the page
Score
0/12
Timer
10:00
0
Plays Today
% Correct
Portsmouth
72.4%
Lake Winnipesaukee
55.1%
Loon
54.1%
Hopkinton State Fair
51%
The White Mountains
50%
Old Man of the Mountain
48%
Story Land
44.9%
The Friendly Farm
42.9%
Hot Air Balloon
34.7%
Robert Frost Farm
28.6%
The Basin
23.5%
Bear Brook State Park
22.4%
Quiz Playlist
Details
Report
Send in Message
Add To Playlist
Classic:
Type in answers that appear in a list
Last Updated: Feb 16, 2017
Quiz Scoreboard
CHALLENGE
Sign Up to Join the Scoreboard
Show All
Scores
Hide
Comments
May contain spoilers
Recently Published
Find the 'City' Movie
by crazypaving
Movies
60s
5x2 Blitz: Bands
by SL_Kpop136
Music
30s
Colored Red Africa Blitz
by spor1
Geography
30s
More to Explore
Quiz From the Vault
Featured Blog Post
14 Easter Pick-up Lines to Find Eggs With
hide this ad
You Might Also Like...
Tags
New Hampshire
Travel
Today's Top Quizzes in Just For Fun
Browse Just For Fun
hide this ad
Today's Top Quizzes in Travel
Browse Travel
Top Contributed Quizzes in Just For Fun
1
Name Just One - 10 to 1: Just For Fun
2
Missing Word: 2-Letter A-Z II
3
Survivor Winners Logic Puzzle
4
Avatar the Last Airbender: Logic Puzzle
5
Quick 5-Color Logic (18)
6
Shadowhunters Protagonists Logic Quiz
7
Medium Renzoku Puzzle 11
8
Killer Double Trees 224 - Colour Match-Up
9
Missing Word: 'Of' Things A-Z
10
Ultimate Minefield Blitz VIII
Explore More
Trending Topics
Harry Potter
Marvel
Disney
Anime
Kpop
Crossword
NBA
The Office
Soccer
WWE
NFL
Puzzle
Pokémon
Song
Country
hide this ad
More By:
noon12
Quiz
Plays
Rating
Category
Featured
Created
Mixed Word: Holiday Theme
34,213
3.65
Just For Fun
Dec 29, 2010
Groundhog Day Scramble
444
4.20
Holiday
Jan 18, 2011
Valentine Scramble & Secret Message
366
2.83
Holiday
Jan 10, 2011
Everyday Pics At Home #1
197
3.00
Just For Fun
Jan 17, 2011
Everyday Pics At Home #2
145
2.67
Just For Fun
Jan 17, 2011
Go to Creator's Profile
Score Distribution
Quiz Creator Spotlight
noon12
Follow
Send a Message
Quizzes Created
-
Created Quiz Play Count
-
More By This Creator
Popular Quizzes Today
1
Colored Red Africa Blitz
2
Find the US States - No Outlines Minefield
3
Find the 'City' Movie
4
5x2 Blitz: Bands
5
The Countries of the World
6
Find the US States
7
US States
8
9x9 Crossword: Cartoon Network
More Just For Fun Quizzes
So Many Dumb Ways to Die
Editor's Pick
Trending Quizzes
Colored Red Europe Blitz I
Colored Red Europe Blitz II
Colored Red Africa Blitz II
Colored Red Africa Blitz III
Colored Red Europe Blitz III
Recently Updated
Godzilla Movies
pecheneg
Grab Bag: 4-10 Letters
pecheneg
2024 March Madness Bracket
pecheneg
Famous TV Couples
Peacemaker
Champions League XIs: Real Madrid
pecheneg
Largest US Cities 1790-2010
pecheneg
Rides in Walt Disney World
pecheneg
Most Oscar Losses (Acting)
pecheneg
Beyoncé Albums
pecheneg
Leaping Animals
pecheneg
Trending Topics
Harry Potter
Crossword
Marvel
NBA
Anime
Kpop
Disney
Puzzle
Country
WWE
Song
NFL
Pokémon
Soccer
The Office
Your Account Isn't Verified!
In order to create a playlist on Sporcle, you need to verify the email address you used during registration. Go to your
Sporcle Settings
to finish the process.
Report this User
Report this user for behavior that violates our
Community Guidelines
.
Details:
Send Report
Go to the Sporcle.com Mobile Site →
Comments